May 31st: Birthdays - Statistics

General Stats
  • This quiz has been taken 10 times
  • The average score is 4 of 8
Answer Stats
Year Clue Answer % Correct
1930 Actor in Dirty Harry Clint Eastwood
90%
1965 Actress in Blue Lagoon Brooke Shields
80%
1975 Actor in In Bruges Colin Farrell
50%
1923 Prince of Monaco Rainier II
50%
1819 Wrote Leaves of Grass Walt Whitman
50%
1943 Football Hall of Famer Joe Namath
40%
1948 Part of band Led Zeppelin John Bonham
40%
1857 259th Pope Puis XI
40%
No matching quizzes found
Score Distribution
Percent of People with Each Score
Percentile by Number Answered
Your Score History
You have not taken this quiz